| 000 | 00777cam a2200229 4500 | ||
|---|---|---|---|
| 008 | 090401t1993 xxu||||| |||| 00| 0 eng d | ||
| 020 | _a0861703987 | ||
| 035 | _a(Sirsi) u225 | ||
| 041 | _aeng | ||
| 050 |
_a338.181 _c18 |
||
| 110 |
_aCountryside Commission _92820 |
||
| 245 |
_aCountryside premium for set-aside land _bmonitoring and evaluation 1989-1992 |
||
| 260 |
_aCheltenham _bCountryside Commission _c1993 |
||
| 300 |
_a48,16p. _bill. _c30cm. |
||
| 350 | _a10 | ||
| 490 |
_aCountryside Commission Paper _v428 |
||
| 520 | _aReports on the uptake of the pilot set aside scheme. Includes case studies. | ||
| 690 | _aPROPERTY-RURAL AND NATURAL ASSETS-RURAL AND NATURAL ASSET MANAGEMENT | ||
| 710 |
_aLand Use Consultants _93228 |
||
| 942 | _n0 | ||
| 948 | _c04/03/1997 | ||
| 999 |
_c85491 _d85491 |
||